| 000 | 00802nam a2200265Ia 4500 | ||
|---|---|---|---|
| 003 | OSt | ||
| 005 | 20220928131404.0 | ||
| 006 | a|||||r|||| 00| 0 | ||
| 007 | ta | ||
| 008 | 220927b |||||||| |||| 00| 0 eng d | ||
| 020 | _c11962.440000000001 | ||
| 024 | _a118702 | ||
| 037 |
_b5955, 18/02/2013, New India Book Agency _cTextual |
||
| 040 |
_aSDCL _cSDCL _beng |
||
| 041 |
_2eng _aeng |
||
| 082 | _aD6,8(2),9(G), P8 | ||
| 100 |
_aZvelebil M _9477909 |
||
| 245 | 0 | _aUnderstanding bioinformatics. | |
| 260 |
_aUSA _bGarland Science _c2008 |
||
| 300 |
_axxiv,772p _ccm. |
||
| 650 | _aBiochemistry | ||
| 700 |
_a Baum Jeremy O. _9477910 |
||
| 942 |
_hD6,8(2),9(G), P8 _cTEXL _2CC |
||
| 999 |
_c790397 _d790397 |
||